Sports Quiz

Random Sports or College Quiz
Score 0/107 Timer 20:00
0 Plays Today
Hint Answer % Correct
Steve EmtmanWashington
90%
Warren SappMiami FL
90%
Cortez KennedyMiami FL
86.7%
Chris ZorichNotre Dame
86.7%
Russell MarylandMiami FL
86.7%
Dan WilkinsonOhio State
86.7%
Mike MamulaBoston College
86.7%
Jerome BrownMiami FL
83.3%
Marcellus WileyColumbia
83.3%
Jevon KearseFlorida
83.3%
Tony CasillasOklahoma
80%
Bryant YoungNotre Dame
80%
Kevin CarterFlorida
80%
Simeon RiceIllinois
80%
Jason TaylorAkron
80%
Grant WistromNebraska
80%
Andre WadsworthFlorida State
80%
Chad HenningsAir Force
76.7%
Alonzo SpellmanOhio State
76.7%
Eric CurryAlabama
76.7%
John CopelandAlabama
76.7%
Neil SmithNebraska
73.3%
Christian PeterNebraska
73.3%
Pat Swilling Georgia Tech
70%
Jeff LagemanVirginia
70%
Mike VrabelOhio State
70%
Gilbert BrownKansas
66.7%
Dana StubblefieldKansas
66.7%
Luther ElllissUtah
66.7%
Danny StubbsMiami FL
63.3%
Trace ArmstrongFlorida
63.3%
Sam AdamsTexas A&M
63.3%
Jason PeterNebraska
63.3%
Bill GoldbergGeorgia
60%
Marco ColemanGeorgia Tech
60%
Trevor PryceClemson
60%
Hint Answer % Correct
Mike RuckerNebraska
60%
Leslie O'NealOklahoma State
56.7%
Jason Buck BYU
56.7%
Robert PorcherSouth Carolina State
56.7%
Michael StrahanTexas Southern
56.7%
Lawrence PeteNebraska
53.3%
Regan UpshawCalifornia
53.3%
Kenny HolmesMiami FL
53.3%
Greg EllisUNC
53.3%
Jim SkowNebraska
50%
Jerry BallSMU
50%
Bill HawkinsMiami FL
50%
Santana DotsonBaylor
50%
Chester McGlocktonClemson
50%
Sean GilbertPittsburgh
50%
Kenard LangMiami FL
50%
Darrell RussellUSC
50%
Jeff ZgoninaPurdue
46.7%
Jim FlaniganNotre Dame
46.7%
Shante CarverArizona State
46.7%
Vonnie HollidayUNC
46.7%
Ebenezer EkubanUNC
46.7%
Anthony McFarlandLSU
46.7%
Danny NoonanNebraska
43.3%
Shane CurryMiami FL
43.3%
Chris MimsTennessee
43.3%
Ellis JohnsonFlorida
43.3%
Tony BrackensTexas
43.3%
Jared TomichNebraska
43.3%
Renaldo WynnNotre Dame
43.3%
Charles HaleyJames Madison
40%
Jon HandAlabama
40%
Burt GrossmanPittsburgh
40%
Leon LettEmporia State
40%
Brad CulpepperFlorida
40%
Renaldo TurnbullWest Virginia
36.7%
Hint Answer % Correct
Marcus JonesUNC
36.7%
Dennis ByrdTulsa
33.3%
Phil HansenNorth Dakota State
33.3%
John ParellaNebraska
33.3%
Alonzo MitzFlorida
30%
Clyde SimmonsWestern Carolina
30%
Kevin FaganMiami FL
30%
Skip McClendonArizona State
30%
Pierce HoltAngelo State
30%
Matt BrockOregon
30%
Joel SteedColorado
30%
Carl SimpsonFlorida State
30%
Gabe WilkinsGardner-Webb
30%
Darius HollandColorado
30%
Hugh DouglasCentral State (OH)
30%
Jason WiltzNebraska
30%
Kimo Von OelhoffenBoise State
26.7%
Patrick KerneyVirginia
26.7%
Ted WashingtonLouisville
23.3%
Brad OttisWayne State (Neb)
23.3%
Joe JohnsonLouisville
23.3%
La'Roi GloverSan Diego State
23.3%
Shane BurtonTennessee
23.3%
Phillip DanielsGeorgia
23.3%
Gary BaldingerWake Forest
20%
Norman HandOle Miss
20%
N.D. KaluRice
20%
Kelly GreggOklahoma
20%
Michael McCraryWake Forest
16.7%
Chad EatonWashington State
16.7%
Cedric JonesOklahoma
16.7%
Chad BratzkeEastern Kentucky
13.3%
Jason FiskStanford
13.3%
Grady JacksonKnoxville
13.3%
Kavika PittmanMcNeese State
3.3%
Remove Ads.
Support Sporcle.
Get the best of Sporcle when you Go Orange. This ad-free experience offers more features, more stats, and more fun while also helping to support Sporcle. Thank you for becoming a member.

You're not logged in!

Compare scores with friends on all Sporcle quizzes.
OR
Log In

Show Comments

Extras

Created Jan 4, 2015ReportNominate
Tags:College Quiz, Defensive

Top Quizzes Today


Score Distribution

Your Account Isn't Verified!

In order to create a playlist on Sporcle, you need to verify the email address you used during registration. Go to your Sporcle Settings to finish the process.

Report this User

Report this user for behavior that violates our Community Guidelines.

Details: